<?xml version="1.0" encoding="UTF-8"?>
<record
    xmlns:xsi="http://www.w3.org/2001/XMLSchema-instance"
    xsi:schemaLocation="http://www.loc.gov/MARC21/slim http://www.loc.gov/standards/marcxml/schema/MARC21slim.xsd"
    xmlns="http://www.loc.gov/MARC21/slim">

  <leader>01419cam a2200325 a 4500</leader>
  <controlfield tag="001">15974229</controlfield>
  <controlfield tag="005">20201128021127.0</controlfield>
  <controlfield tag="008">091105s2010    xxka   frbd   001 0 eng d</controlfield>
  <datafield tag="010" ind1=" " ind2=" ">
    <subfield code="a">2009047013</subfield>
  </datafield>
  <datafield tag="020" ind1=" " ind2=" ">
    <subfield code="a">9780273720119 (pbk.)</subfield>
  </datafield>
  <datafield tag="020" ind1=" " ind2=" ">
    <subfield code="a">0273720104 (pbk.)</subfield>
  </datafield>
  <datafield tag="040" ind1=" " ind2=" ">
    <subfield code="a">DLC</subfield>
    <subfield code="c">DLC</subfield>
    <subfield code="d">EG-ScBUE</subfield>
  </datafield>
  <datafield tag="082" ind1="0" ind2="0">
    <subfield code="a">150</subfield>
    <subfield code="2">22</subfield>
    <subfield code="b">MAR</subfield>
  </datafield>
  <datafield tag="100" ind1="1" ind2=" ">
    <subfield code="a">Martin, G. Neil</subfield>
    <subfield code="9">36541</subfield>
  </datafield>
  <datafield tag="245" ind1="1" ind2="0">
    <subfield code="a">Psychology /</subfield>
    <subfield code="c">G. Neil Martin, Neil R. Carlson, William Buskist.</subfield>
  </datafield>
  <datafield tag="250" ind1=" " ind2=" ">
    <subfield code="a">4th ed.</subfield>
  </datafield>
  <datafield tag="260" ind1=" " ind2=" ">
    <subfield code="a">Harlow, United Kingdom :</subfield>
    <subfield code="b">Pearson Education Limited,</subfield>
    <subfield code="b">Allyn &amp; Bacon,</subfield>
    <subfield code="c">2010.</subfield>
  </datafield>
  <datafield tag="300" ind1=" " ind2=" ">
    <subfield code="a">[Various pagings] :</subfield>
    <subfield code="b">ill. (col.) ;</subfield>
    <subfield code="c">27 cm.</subfield>
  </datafield>
  <datafield tag="500" ind1=" " ind2=" ">
    <subfield code="a">Includes glossary.</subfield>
  </datafield>
  <datafield tag="500" ind1=" " ind2=" ">
    <subfield code="a">Includes indexes.</subfield>
  </datafield>
  <datafield tag="500" ind1=" " ind2=" ">
    <subfield code="a">Includes : my psych lab ; ISBN 9780273720164.</subfield>
  </datafield>
  <datafield tag="504" ind1=" " ind2=" ">
    <subfield code="a">Includes bibliographical references.</subfield>
  </datafield>
  <datafield tag="505" ind1="0" ind2=" ">
    <subfield code="a">The science of psychology-Research methods in psychology-Evolution, genetics and behaviour-Psychology and neuroscience -Sensation-Perception-Learning and behaviour-Memory-Consciousness-Language-Intelligence and thinking-Developmental psychology-Motivation and emotion-Personality-Social cognition and attiudes-Interpersonal and group processes -Health psychology-Abnormal psychology.</subfield>
  </datafield>
  <datafield tag="650" ind1=" " ind2="0">
    <subfield code="a">Psychology</subfield>
    <subfield code="9">890</subfield>
  </datafield>
  <datafield tag="653" ind1=" " ind2=" ">
    <subfield code="b">NNUR</subfield>
    <subfield code="c">November2014</subfield>
  </datafield>
  <datafield tag="655" ind1=" " ind2=" ">
    <subfield code="v">reading book</subfield>
    <subfield code="9">34232</subfield>
  </datafield>
  <datafield tag="700" ind1="1" ind2=" ">
    <subfield code="a">Carlson, Neil R., </subfield>
    <subfield code="d">1942-</subfield>
    <subfield code="9">36542</subfield>
  </datafield>
  <datafield tag="700" ind1="1" ind2=" ">
    <subfield code="a">Buskist, William</subfield>
    <subfield code="9">36543</subfield>
  </datafield>
  <datafield tag="942" ind1=" " ind2=" ">
    <subfield code="2">ddc</subfield>
    <subfield code="k">150 MAR</subfield>
  </datafield>
  <datafield tag="999" ind1=" " ind2=" ">
    <subfield code="c">18623</subfield>
    <subfield code="d">18595</subfield>
  </datafield>
  <datafield tag="952" ind1=" " ind2=" ">
    <subfield code="0">0</subfield>
    <subfield code="1">0</subfield>
    <subfield code="2">ddc</subfield>
    <subfield code="4">0</subfield>
    <subfield code="7">0</subfield>
    <subfield code="8">Baccah</subfield>
    <subfield code="a">MAIN</subfield>
    <subfield code="b">MAIN</subfield>
    <subfield code="c">LOW</subfield>
    <subfield code="d">2014-11-16</subfield>
    <subfield code="e">purchase</subfield>
    <subfield code="g">280.00</subfield>
    <subfield code="h">20677</subfield>
    <subfield code="l">10</subfield>
    <subfield code="m">21</subfield>
    <subfield code="o">150 MAR</subfield>
    <subfield code="p">000037005</subfield>
    <subfield code="r">2025-07-15 00:00:00</subfield>
    <subfield code="s">2020-12-05</subfield>
    <subfield code="v">350.00</subfield>
    <subfield code="y">BB</subfield>
  </datafield>
</record>
